| 000 | 00403pab a2200157 454500 | ||
|---|---|---|---|
| 008 | 180718b2003 xxu||||| |||| 00| 0 eng d | ||
| 100 | _aBoraian, M.P. | ||
| 245 | _aEmpowerment of rural women: towards reversal of gender relations | ||
| 260 | _c2003 | ||
| 300 | _ap.521-32. | ||
| 362 | _aOct | ||
| 650 | _aRural women | ||
| 650 | _aWomen | ||
| 773 | _aIndian Journal of Social Work | ||
| 909 | _a60700 | ||
| 999 |
_c60700 _d60700 |
||